000 00427nam a22001577a 4500
003 OSt
005 20220415153802.0
008 220415b |||||||| |||| 00| 0 eng d
040 _cHU
082 _a631.4`5096 KOH 1959
100 _aKOHNKE HELMUT
_914674
245 _aSOIL CONSERVATION
_cANSON R. BERTRAND
260 _a NEW YORK
_bMCGRAW- HILL BOOK COMPANY
_c1959
300 _aVII, 298P.
_bILL
_c25CM.
942 _2ddc
_cBOOKS
_n0
999 _c34891
_d34891